| 000 | 00553nam a22001697a 4500 | ||
|---|---|---|---|
| 003 | NUST | ||
| 038 | _aNusrat Nadeem | ||
| 082 | _a200 | ||
| 100 |
_aKamal, Erass _9123069 |
||
| 245 |
_aInvestigating the Parasocial Interactions Between Pakistani Youth and Anime / _c Erass Kamal |
||
| 264 |
_aIslamabad, _bS3H NUST; _c2024. |
||
| 300 |
_a123,p; _bill; _c30,cm. |
||
| 650 |
_aMS-Development Studies _9123041 |
||
| 700 |
_aSupervisor: Dr. Muhammad Ammad Khan _9118391 |
||
| 856 | _uhttp://10.250.8.41:8080/xmlui/handle/123456789/43160 | ||
| 942 |
_2ddc _cTHE |
||
| 999 |
_c609381 _d609381 |
||